000 00414nab a2200145Ia 4500
003 ES-SlBCS
005 20210601125957.0
008 140529s1969 xxu||||| |||| 00| 0 fre d
041 _afre
100 1 _aDaoust, Joseph
_9166689
245 0 0 _aPourquoi nos ancêtres allaient-ils à Jérusalem?
_c Joseph Daoust
651 4 _aJerusalén
_992390
773 0 _tBible
_gnº. 90, 1969, págs. 80-85
_wRev857
942 _cAR
999 _c538970
_d538970